000 00492nam a22001577a 4500
003 OSt
005 20151207142228.0
008 151207b xxu||||| |||| 00| 0 eng d
040 _cRUA
082 _aATM ទូច 1991 B189 Or.1
100 _94454
_aទូច,​សុផល្លា
245 _aគំរោងសំនង់ក្នៀរដីបំពាក់ដោយត្រាក់ទ័រ
260 _aPhnom Penh
_bRUA
_c1991
300 _a45p.
_bill.
_c29cm.
942 _2ddc
_cATM
999 _c4154
_d4154